| 000 | 00733cab a2200229 4500 | ||
|---|---|---|---|
| 001 | WB3518-31 | ||
| 008 | 090401t1999 xxu||||| |||| 00| 0 eng d | ||
| 035 | _a(Sirsi) u93291 | ||
| 041 | _aeng | ||
| 245 | _aMaintenance work | ||
| 260 | _c1999 | ||
| 350 | _a0 | ||
| 490 |
_aEstates Gazette Case Summaries _v[1999] EGCS 63 (8 May 1999) (1) |
||
| 650 | _aLANDLORD AND TENANT ACT 1985 (S20) | ||
| 650 | _aLEASEHOLD REFORM, HOUSING AND URBAN DEVELOPMENT ACT 1993 | ||
| 650 | _aBUILT ENVIRONMENT-BUILDING MAINTENANCE AND REFURBISHMENT | ||
| 650 | _aMARTIN V MARYLAND ESTATES LTD | ||
| 650 | _aSEALE V MARYLAND ESTATES LTD | ||
| 690 | _aLANDLORD AND TENANT-CASE LAW-RESIDENTIAL TENANCIES | ||
| 942 | _n0 | ||
| 948 | _c12/05/1999 | ||
| 999 |
_c59137 _d59137 |
||